[Event "Rio Verde U1800 op"]
[Site "Rio Verde"]
[Date "2025.01.26"]
[Round "5"]
[White "Da Silva, Andrelucia"]
[Black "Dos Santos, Ricardo Antonio"]
[Result "0-1"]
[WhiteElo "1800"]
[BlackElo "1467"]
[PlyCount "34"]
[EventDate "2025.01.25"]
[EventType "swiss"]
[EventRounds "6"]
[EventCountry "BRA"]
[SourceTitle "CB05_2025"]
[SourceDate "2025.01.29"]
[SourceVersion "1"]
[SourceVersionDate "2025.01.29"]
[SourceQuality "1"]

1. e4 c5 2. Nf3 a6 3. Bc4 b5 4. Bb3 c4 5. 0-0 d6 6. Nd4 e5 7. c3 cxb3 8. axb3 exd4 9. cxd4 Bb7 10. Nc3 Nf6 11. d3 b4 12. Ne2 Qb6 13. e5 Qc6 14. Nf4 g5 15. d5 Nxd5 16. Nh5 Ne3 17. fxe3 Qxg2# 0-1